| 000 | 00691 a2200193 4500 | ||
|---|---|---|---|
| 003 | Nust | ||
| 005 | 20230316104310.0 | ||
| 010 | _a48006186 | ||
| 040 | _cNust | ||
| 082 | _a440,LEW | ||
| 100 |
_aLewis, Norman _9110379 |
||
| 245 |
_aHow to Speak Better English / _cNorman Lewis, |
||
| 260 |
_aNew York _bT.Y. Crowell Co. _c1948 |
||
| 300 |
_axiv, 306 p _b20 cm |
||
| 505 | _aGrammar is Easy (Page-1), How to Deliver the Message to Garcia (Page-13), How to Call a Name (Page-24), How to be Explicit (Page-36), How to do Almost Anything (Page-46), How to end a Sentence (Page-57). | ||
| 600 |
_aLewis, Norman, _9110379 |
||
| 650 |
_aHow to speak better English _9110380 |
||
| 942 |
_2ddc _cBK |
||
| 999 |
_c186444 _d186444 |
||